موقف المشرع الأردني من تنفيذ من تنفيذ الحكم الأجنبي إلكترونياً = The position of the Jordanian legislator on implementing a foreign judgment electronically / (Record no. 33607)
[ view plain ]
| 000 -LEADER | |
|---|---|
| fixed length control field | 00988nam a22001937a 4500 |
| 003 - CONTROL NUMBER IDENTIFIER | |
| control field | JO-AjAnu |
| 005 - DATE AND TIME OF LATEST TRANSACTION | |
| control field | 20240709092054.0 |
| 008 - FIXED-LENGTH DATA ELEMENTS--GENERAL INFORMATION | |
| fixed length control field | 240709b jo ||||| |||| 00| 0 ara d |
| 040 ## - CATALOGING SOURCE | |
| Original cataloging agency | JO-AjAnu |
| Language of cataloging | ARA |
| Transcribing agency | JO-AjAnu |
| 041 #1 - LANGUAGE CODE | |
| Language code of original | ARA |
| 100 ## - MAIN ENTRY--PERSONAL NAME | |
| Personal name | عنانبه، انسام محمد مصطفى |
| Relator term | معد |
| 9 (RLIN) | 66109 |
| 245 10 - TITLE STATEMENT | |
| Title | موقف المشرع الأردني من تنفيذ من تنفيذ الحكم الأجنبي إلكترونياً = The position of the Jordanian legislator on implementing a foreign judgment electronically / |
| Statement of responsibility, etc. | اعداد انسام محمد مصطفى عنانبه ؛ اشراف طلال ياسين العيسى |
| 260 ## - PUBLICATION, DISTRIBUTION, ETC. | |
| Date of publication, distribution, etc. | 2024 |
| 300 ## - PHYSICAL DESCRIPTION | |
| Extent | 90 ورقة |
| 500 ## - GENERAL NOTE | |
| General note | رسالة جامعية (اطروحة ماجستير) جامعة عجلون الوطنية، كلية الحقوق/تخصص القانون، 2024 |
| 650 #7 - SUBJECT ADDED ENTRY--TOPICAL TERM | |
| Form subdivision | القانون الخاص-الأردن |
| 700 ## - ADDED ENTRY--PERSONAL NAME | |
| Personal name | العيسى، طلال ياسين |
| 9 (RLIN) | 64930 |
| Relator term | مشرف |
| 942 ## - ADDED ENTRY ELEMENTS (KOHA) | |
| Source of classification or shelving scheme | Library of Congress Classification |
| Koha item type | Thesis |
| Suppress in OPAC | No |
| Withdrawn status | Lost status | Source of classification or shelving scheme | Damaged status | Not for loan | Home library | Current library | Date acquired | Total Checkouts | Full call number | Barcode | Date last seen | Price effective from | Koha item type |
|---|---|---|---|---|---|---|---|---|---|---|---|---|---|
| Library of Congress Classification | مكتبة جامعة عجلون الوطنية | مكتبة جامعة عجلون الوطنية | 09/07/2024 | KMM48.3.2024 | A29984 | 09/07/2024 | 09/07/2024 | Thesis | |||||
| Library of Congress Classification | مكتبة جامعة عجلون الوطنية | مكتبة جامعة عجلون الوطنية | 09/07/2024 | KMM48.3.2024 | A29985 | 09/07/2024 | 09/07/2024 | Thesis |